Spell the Marvel Character #386 - Statistics

General Stats
  • This quiz has been taken 13 times
  • The average score is 9 of 14
Answer Stats
Picture Answer % Correct
Scarlet Witch
100%
Thor (Jane Foster)
100%
Iceman
83%
Hiro
75%
Karma
67%
Nocturne
67%
Rage
67%
Redwing
67%
Energizer
58%
Thunderstrike
58%
Thundra
58%
Dinah Soar
50%
Ultragirl
50%
El Aguila
42%
No matching quizzes found
Score Distribution
Percent of People with Each Score
Percentile by Number Answered
Your Score History
You have not taken this quiz